Greek Mythology - Association - Statistics

General Stats
  • This quiz has been taken 82 times
  • The average score is 18 of 21
Answer Stats
Hint Answer % Correct
The Dead, Underworld Hades
95%
Thunder, Sky, Kingship Zeus
95%
Beauty, Pleasure Aphrodite
94%
Revenge Nemesis
92%
Victory Nike
92%
War, Bloodshed Ares
91%
Wine, Dolphins, Partying Dionysus
91%
Personified Earth Gaia
91%
Fire, Forge Hephaestus
91%
Marriage, Mothers, Peacocks Hera
89%
Sun, Music Apollon / Apollo
88%
Wisdom, Battle Strategy Athene / Athena
86%
Moon, Hunting Artemis
83%
Sexual Love, Passion Eros
83%
Travel, Thieves and Trickery Hermes
83%
Hearth, Home Hestia
82%
Time, Agriculture Cronus / Kronos
80%
Rainbows, Communication, New Endeavors Iris
77%
Sunrise Eos
67%
Youth and Fertility Hebe
64%
Night, Moon Selene
64%
No matching quizzes found
Score Distribution
Percent of People with Each Score
Percentile by Number Answered
Your Score History
You have not taken this quiz